[Event "BLR-ch U18"]
[Site "Orsha"]
[Date "2022.02.10"]
[Round "1"]
[White "Runets, Ivan"]
[Black "Starodubets, Tsimofej"]
[Result "1-0"]
[WhiteElo "2209"]
[BlackElo "1539"]
[PlyCount "75"]
[EventDate "2022.02.10"]
[EventType "swiss"]
[EventRounds "9"]
[EventCountry "BLR"]
[SourceTitle "CBM 207 Extra"]
[Source "ChessBase"]
[SourceDate "2022.05.31"]
[SourceVersion "1"]
[SourceVersionDate "2022.05.31"]
[SourceQuality "1"]

1. d4 d5 2. c4 c6 3. cxd5 cxd5 4. Nc3 Nf6 5. Bf4 Nc6 6. e3 e6 7. Bd3 Bd6 8. Bxd6 Qxd6 9. Nf3 0-0 10. 0-0 Bd7 11. Qe2 e5 12. Nb5 Qe7 13. dxe5 Nxe5 14. Nxe5 Bxb5 15. Nf3 Bxd3 16. Qxd3 Rac8 17. Nd4 Rc4 18. Rad1 Rfc8 19. h3 a6 20. Qf5 Qe4 21. Qxe4 dxe4 22. Nf5 R4c7 23. Rd4 Re8 24. g4 g6 25. Ng3 Re5 26. Rfd1 Rce7 27. Rd6 Kg7 28. Rb6 h5 29. gxh5 Nxh5 30. Ne2 Nf6 31. Nc3 Nh7 32. Kg2 Rg5+ 33. Kf1 Rh5 34. Rd4 Ng5 35. Nd5 Re5 36. Nf4 Rh8 37. Rd7 Rf5 38. Rxg6+ 1-0